000 00984cam a2200265 4500
001 997
005 20260310044736.0
008 260309s1987 mauc b 001 0aeng
010 _a 86022937
020 _a9780486419312
043 _an-us---
100 1 _aJacobs, Harriet A.
_q(Harriet Ann),
_d1813-1897.
245 1 0 _aIncidents in the life of a slave girl :
_bwritten by herself /
_cby Harriet A. Jacobs ; edited by L. Maria Child ; edited and with an introduction by Jean Fagan Yellin.
260 _aNew York:
_bDover Publications.
_c1982.
300 _axxxiii, 306 p. :
_bport. ;
_c24 cm.
500 _aIncludes index.
504 _aBibliography: p. 253-292.
600 1 0 _aJacobs, Harriet A.
_q(Harriet Ann),
_d1813-1897.
650 0 _aSlaves
_zUnited States
_xBiography.
650 0 _aSlaves
_zUnited States
_xSocial conditions.
700 1 _aChild, Lydia Maria Francis,
_d1802-1880.
700 1 _aYellin, Jean Fagan.
740 0 _aLife of a slave girl.
942 _2ddc
_cMAIN
999 _c10546
_d10547